Super heros but "Bootleg" - Statistics

General Stats
  • This quiz has been taken 53 times
  • The average score is 8 of 11
Answer Stats
Hint Answer % Correct
Titanium Guy Iron Man
98%
Arachnid Dude Spider Man
94%
Gray Jaguar Black Panther
85%
Colonol Mexico Captain America
85%
Surgeon Weird Doctor Strange
81%
Lime Lamp Green Lantern
74%
Eagle Falcon
72%
Marvelous Maiden Wonder Women
68%
Falcon-Peeper Hawkeye
66%
Constellation Duke Star Lord
40%
Combat Gadget War Machine
26%
No matching quizzes found
Score Distribution
Percent of People with Each Score
Percentile by Number Answered
Your Score History
You have not taken this quiz